| 000 | 00773nam a22002417a 4500 | ||
|---|---|---|---|
| 001 | 15193713 | ||
| 003 | OSt | ||
| 005 | 20211019045820.0 | ||
| 008 | 170207b xxu||||| |||| 00| 0 eng d | ||
| 010 | _a 2008008550 | ||
| 020 | _a9780195335996 (pbk.) | ||
| 040 |
_aMMU _cMMU _dMMU _beng |
||
| 050 | 0 | 0 |
_aBL51 _b.R326 2009 |
| 245 | 0 | 0 |
_aReason & religious belief : _ban introduction to the philosophy of religion / _cMichael Peterson ... [et al.]. |
| 250 | _a4th ed. | ||
| 260 |
_aNew York : _bOxford University Press, _c2009. |
||
| 300 |
_axi, 350 p. : _c24 cm. |
||
| 500 | _aIncludes bibliographical references and index. | ||
| 650 | 0 |
_aReligion _xPhilosophy. |
|
| 650 | 0 |
_aChristianity _xPhilosophy. |
|
| 700 | 1 |
_aPeterson, Michael L., _d1950- |
|
| 942 |
_2lcc _cLOAN LOAN |
||
| 999 |
_c22161 _d22161 |
||